<?xml version="1.0" encoding="UTF-8"?>
<collection xmlns="http://www.loc.gov/MARC21/slim">
 <record>
  <leader>00916nam a2200241   4500</leader>
  <controlfield tag="001">000014239</controlfield>
  <controlfield tag="003">10598</controlfield>
  <controlfield tag="005">20150812150849.0</controlfield>
  <controlfield tag="008">120423s                               sd</controlfield>
  <datafield tag="100" ind1="0" ind2=" ">
   <subfield code="a">Nguyễn Tấn Long</subfield>
  </datafield>
  <datafield tag="245" ind1="0" ind2="0">
   <subfield code="a">Thi ca bình dân Việt Nam</subfield>
   <subfield code="c">Nguyễn Tấn Long</subfield>
  </datafield>
  <datafield tag="774" ind1=" " ind2=" ">
   <subfield code="a">Nguyễn Tấn Long</subfield>
   <subfield code="d">Hội nhà văn</subfield>
   <subfield code="d">H.</subfield>
   <subfield code="d">1998</subfield>
   <subfield code="g">Tập 2</subfield>
   <subfield code="h">754 tr.</subfield>
   <subfield code="t">Xã hội quan</subfield>
   <subfield code="w">10601</subfield>
  </datafield>
  <datafield tag="774" ind1=" " ind2=" ">
   <subfield code="a">Nguyễn Tấn Long</subfield>
   <subfield code="d">Hội nhà văn</subfield>
   <subfield code="d">H.</subfield>
   <subfield code="d">1998</subfield>
   <subfield code="g">Tập 1</subfield>
   <subfield code="h">626 tr.</subfield>
   <subfield code="t">Nhân sinh quan</subfield>
   <subfield code="w">10600</subfield>
  </datafield>
  <datafield tag="774" ind1=" " ind2=" ">
   <subfield code="a">Nguyễn Tấn Long</subfield>
   <subfield code="d">Hội nhà văn</subfield>
   <subfield code="d">1998</subfield>
   <subfield code="d">H.</subfield>
   <subfield code="g">Tập 3</subfield>
   <subfield code="h">615 tr.</subfield>
   <subfield code="t">Vũ trụ quan</subfield>
   <subfield code="w">10602</subfield>
  </datafield>
  <datafield tag="774" ind1=" " ind2=" ">
   <subfield code="a">Nguyễn Tấn Long</subfield>
   <subfield code="d">Hội nhà văn</subfield>
   <subfield code="d">H.</subfield>
   <subfield code="d">1998</subfield>
   <subfield code="g">Tập 4</subfield>
   <subfield code="h">699 tr.</subfield>
   <subfield code="t">Sinh hoạt thi ca</subfield>
   <subfield code="w">10604</subfield>
  </datafield>
  <datafield tag="OWN" ind1=" " ind2=" ">
   <subfield code="a">LSP</subfield>
  </datafield>
  <datafield tag="999" ind1=" " ind2=" ">
   <subfield code="a">From the UDN01</subfield>
  </datafield>
  <datafield tag="TYP" ind1=" " ind2=" ">
   <subfield code="a">Monograph</subfield>
  </datafield>
  <datafield tag="TYP" ind1=" " ind2=" ">
   <subfield code="a">Printed language</subfield>
  </datafield>
  <datafield tag="980" ind1=" " ind2=" ">
   <subfield code="a">Mạng thư viện Đại học Đà Nẵng</subfield>
  </datafield>
 </record>
</collection>
